| 000 | 00574nam a22001817a 4500 | ||
|---|---|---|---|
| 008 | 130821s1933 enk gr eng | ||
| 040 |
_aCo-BoUCM _bspa |
||
| 041 | 0 | 0 | _aeng |
| 100 | 1 |
_aHorler, Sydney _d1888-1954 _953502 |
|
| 245 | 0 | 0 |
_aHarlequin of death _cSydney Horler |
| 260 |
_aLondres (Inglaterra) _bJohn Long Limited _c1933 |
||
| 300 | _a286 páginas | ||
| 500 | _aIncluye índice por capítulos | ||
| 650 | 0 | 4 |
_aNovela inglesa _920530 |
| 650 | 0 | 4 |
_aNovela policiaca _920557 |
| 942 |
_cLIBRO _a18 _e1 _mH67H _n0 _2DEWEY _h823 |
||
| 999 |
_c87914 _d87914 |
||